[Event "Zonal 2.4 Desempate"]
[Site "Sao Paulo BRA"]
[Date "2005.10.30"]
[Round "2"]
[White "Lima, Darcy Gustavo"]
[Black "Leitao, Rafael Duailibe"]
[Result "1/2-1/2"]
[WhiteElo "2529"]
[BlackElo "2586"]
[PlyCount "77"]
[EventDate "2005.10.30"]
[EventType "match"]
[EventCountry "BRA"]
[Source "lmi"]
[SourceDate "2005.11.01"]

1. e4 c5 2. Nf3 Nc6 3. Bb5 d6 4. O-O Bd7 5. Re1 Nf6 6. h3 a6 7. Bf1 e6 8. c3
Be7 9. a4 O-O 10. d3 Rb8 11. Nbd2 b5 12. axb5 axb5 13. d4 c4 14. e5 dxe5 15.
dxe5 Nd5 16. Qc2 Qc7 17. Qe4 Ra8 18. Rxa8 Rxa8 19. h4 h6 20. Qg4 Kh8 21. g3 Rf8
22. Bg2 Qb8 23. Nf1 f5 24. exf6 Nxf6 25. Qg6 Qe8 26. Qxe8 Rxe8 27. Bh3 e5 28.
Bxd7 Nxd7 29. N1d2 Nc5 30. Ne4 Nd3 31. Rd1 Ra8 32. Ne1 Nxc1 33. Rxc1 Ra2 34.
Rb1 Kg8 35. Nc2 Kf7 36. Ne3 g6 37. b3 cxb3 38. Rxb3 b4 39. cxb4 1/2-1/2

[Event "Zonal 2.4 Desempate"]
[Site "Sao Paulo BRA"]
[Date "2005.10.30"]
[Round "3"]
[White "Mecking, Henrique Costa"]
[Black "Lima, Darcy Gustavo"]
[Result "1/2-1/2"]
[WhiteElo "2549"]
[BlackElo "2529"]
[PlyCount "63"]
[EventDate "2005.10.30"]
[EventType "match"]
[EventCountry "BRA"]
[Source "lmi"]
[SourceDate "2005.11.01"]

1. d4 Nf6 2. c4 g6 3. Nc3 d5 4. Bf4 Bg7 5. e3 c5 6. dxc5 Qa5 7. Rc1 dxc4 8.
Bxc4 O-O 9. Nf3 Qxc5 10. Bb3 Qa5 11. O-O Nc6 12. h3 Bf5 13. Qe2 Ne4 14. Nd5 e5
15. Bh2 Nc5 16. Bc4 e4 17. Nd4 Nxd4 18. exd4 Nd3 19. Ne7+ Kh8 20. Rcd1 Rad8 21.
Nxf5 Qxf5 22. Bxd3 exd3 23. Qxd3 Qxd3 24. Rxd3 Rxd4 25. Rxd4 Bxd4 26. Rd1 Bxb2
27. Rd7 b5 28. Rxa7 Rc8 29. Bf4 Kg7 30. g4 Rc4 31. Be3 Bd4 32. Bxd4+ 1/2-1/2

[Event "Zonal 2.4 Desempate"]
[Site "Sao Paulo BRA"]
[Date "2005.10.30"]
[Round "4"]
[White "Mecking, Henrique Costa"]
[Black "Leitao, Rafael Duailibe"]
[Result "1/2-1/2"]
[WhiteElo "2549"]
[BlackElo "2586"]
[PlyCount "103"]
[EventDate "2005.10.30"]
[EventType "match"]
[EventCountry "BRA"]
[Source "lmi"]
[SourceDate "2005.11.01"]

1. d4 Nf6 2. c4 e6 3. Nf3 c5 4. d5 exd5 5. cxd5 d6 6. Nc3 g6 7. e4 a6 8. a4 Bg4
9. Be2 Bxf3 10. Bxf3 Nbd7 11. Bf4 Qe7 12. O-O Bg7 13. Qc2 O-O 14. Rfe1 Rfe8 15.
h3 h5 16. Be2 Nh7 17. Bd3 Rac8 18. a5 Bd4 19. Ne2 Qf6 20. Nxd4 Qxf4 21. Nf3 Ng5
22. Nxg5 Qxg5 23. Qc1 Qf6 24. Qc3 Ne5 25. Bf1 Kg7 26. Be2 Rh8 27. Rf1 g5 28. f4
gxf4 29. g3 f3 30. Bxf3 Nxf3+ 31. Rxf3 Qxc3 32. bxc3 Rhe8 33. Rf4 Rc7 34. Kf2
Re5 35. Rb1 Rce7 36. Kf3 f5 37. exf5 Kf6 38. g4 Rxd5 39. Re4 Rd3+ 40. Kf4 Rxe4+
41. Kxe4 Rxh3 42. gxh5 Rxh5 43. Rxb7 Rh4+ 44. Kd5 Ra4 45. Kxd6 Rxa5 46. Rc7
Kxf5 47. Rxc5+ Rxc5 48. Kxc5 Ke6 49. c4 a5 50. Kb5 Kd7 51. Kxa5 Kc6 52. Kb4
1/2-1/2

[Event "Zonal 2.4 Desempate"]
[Site "Sao Paulo BRA"]
[Date "2005.10.30"]
[Round "5"]
[White "Leitao, Rafael Duailibe"]
[Black "Lima, Darcy Gustavo"]
[Result "1/2-1/2"]
[WhiteElo "2586"]
[BlackElo "2529"]
[PlyCount "154"]
[EventDate "2005.10.30"]
[EventType "match"]
[EventCountry "BRA"]
[Source "lmi"]
[SourceDate "2005.11.01"]

1. d4 Nf6 2. c4 g6 3. Nc3 d5 4. Bg5 Ne4 5. Bh4 Nxc3 6. bxc3 dxc4 7. e3 Be6 8.
Nf3 Bg7 9. Be2 O-O 10. O-O c5 11. Rb1 cxd4 12. cxd4 Qd7 13. Ng5 Bd5 14. e4 Bc6
15. Bxc4 Bxd4 16. Qb3 e5 17. Ne6 Bxe4 18. Nxf8 Kxf8 19. Rbe1 Bc6 20. Bg3 f6 21.
Kh1 Na6 22. f3 Nc5 23. Qa3 b6 24. Rd1 Qe7 25. Bf2 Rd8 26. Bxd4 Rxd4 27. Rxd4
exd4 28. Qc1 Kg7 29. Qd2 b5 30. Re1 Qd6 31. Bf1 Nd7 32. Bd3 Ne5 33. Be4 Be8 34.
Rd1 Bf7 35. Qb2 d3 36. Qxb5 Bxa2 37. Bxd3 Bc4 38. Qb7+ Kh6 39. Be2 Qa3 40. Bxc4
Nxc4 41. Qe4 Ne5 42. h3 a5 43. f4 Nf7 44. Qe6 Kg7 45. Qc4 Qe7 46. Qd4 h5 47.
Kh2 h4 48. Ra1 Qc7 49. Re1 Qd6 50. Qxd6 Nxd6 51. Re6 Nc4 52. Rc6 Ne3 53. Ra6
Nd5 54. f5 gxf5 55. Rxa5 Ne7 56. Ra4 Ng6 57. Ra5 f4 58. Rh5 Kf7 59. Kg1 Ke6 60.
Kf2 f5 61. Ke2 Kf6 62. Kd3 f3 63. Ke3 fxg2 64. Kf2 Ke5 65. Rh6 Kf6 66. Rh7 Kg5
67. Kxg2 Nf4+ 68. Kh2 Ng6 69. Ra7 Nf4 70. Ra3 Ne6 71. Kg2 Nf4+ 72. Kf2 Kg6 73.
Rf3 Kg5 74. Ke3 Ne6 75. Kd3 Kf6 76. Kc4 Ng5 77. Ra3 Ke5 1/2-1/2